Szczegóły MARC21

Romeo und Julia auf dem Dorfe : Novelle /

003 -Nazwa inst., której nr kontr. jest w polu 001 [,]
    • @
    • Nazwa instytucji, której n kontrolny jest w polu 001
    • NUKAT
005 -DATA I CZAS OSTATNIEJ MODYFIKACJI [,]
    • @
    • pole kontrolne
    • 20241231085227.0
020 -Międzynarod. znormalizowany nr książki - ISBN [ , ]
    • a
    • Numer ISBN
    • 3150061725 Find
040 -Instytucja sporządzająca opis [ , ]
    • a
    • Instytucja, która sporządziła opis (NP)
    • WA U/70API
    • c
    • Instytucja, która sporządziła rekord (NP)
    • WA U/API
    • d
    • Instytucja, która zmodyfikowała rekord (P)
    • WA U/AO
942 -Rodzaj dokumentu [ , ]
    • c
    • Rodzaj dokumentu
    • Książka
100 -Hasło główne - nazwa osobowa [1, ]
    • a
    • Nazwa osobowa (NP)
    • Keller, Gottfried
    • d
    • Daty biograficzne (NP)
    • (1819-1890).
    • 9
    • KHW
    • 50926
240 -Tytuł ujednolicony [1,0]
    • a
    • Tytuł ujednolicony
    • Romeo und Julia auf dem Dorfe
    • l
    • Język tekstu
    • (niem.)
    • 9
    • KHW
    • 453408
245 -Strefa tytułu i oznaczenia odpowiedzialności [1,0]
    • a
    • Tytuł
    • Romeo und Julia auf dem Dorfe : Find
    • b
    • Ciąg dalszy tytułu (NP)
    • Novelle / Find
    • c
    • Pozostałe elementy strefy tytułu i oznaczenia odpowiedzialności (NP)
    • Gottfried Keller; mit einem Nachwort von Konrad Nussbächer.
260 -Strefa adresu wydawniczego [ , ]
    • a
    • Miejsce wydania (P)
    • Sttutgart :
    • b
    • Nazwa wydawcy (P)
    • Reclam,
    • c
    • Data wydania (P)
    • 1992.
300 -Strefa opisu fizycznego [ , ]
    • a
    • Określenie formy książki i/lub objętość (NP)
    • 94, [2] s. ;
    • c
    • Format (NP)
    • 15 cm.
336 -Typ zawartości [ , ]
    • a
    • Termin opisujący typ zawartości
    • Tekst
    • b
    • Kod określający zawartość
    • txt
    • 2
    • Źródło (terminu i kodu)
    • rdacontent
337 -Typ mediów [ , ]
    • a
    • Tryb odtwarzania
    • Bez urządzenia pośredniczącego
    • b
    • Kod typu mediów
    • n
    • 2
    • Źródło (terminu i kodu)
    • rdamedia
338 -Typ/rodzaj nośnika [ , ]
    • a
    • Hasło opisujące typ nośnika
    • Wolumin
    • b
    • Kod typu nośnika
    • nc
    • 2
    • Źródło (terminu i kodu)
    • rdacarrier
380 -Deskryptor - Forma dzieła (P) [ , ]
    • a
    • forma dzieła (NP)
    • Proza
490 -Strefa serii i książki wielotomowej - forma nie do wyszukiwania [1, ]
    • a
    • Tytuł (P)
    • Universal - Bibliothek ; Find
    • v
    • Numeracja (P)
    • 6172
830 -Hasło dodatkowe serii i opisu książki wielotomowej - tytuł ujednolicony/tytuł [ ,0]
    • a
    • Tytuł ujednolicony/tytuł (NP)
    • Reclams Universal-Bibliothek
    • x
    • ISSN
    • 0722-8511
    • v
    • Oznaczenie tomu (NP)
    • Bd. 6172
    • 9
    • KHW
    • 12680
080 -Uniwersalna Klasyfikacja Dziesiętna [ , ]
    • a
    • Symbol klasyfikacji
    • 830(494)-32=30
980 -Symbol UKD [ , ]
    • a
    • UKD
    • 830(494)-32=30
700 -Hasło dodatkowe - nazwa osobowa [1, ]
    • a
    • Nazwa osobowa (NP)
    • Nussbächer, Konrad. Find
    • e
    • Określenie rodzaju współpracy
    • Posł.
    • 9
    • KHW
    • 402153
920 -ISBN [ , ]
    • a
    • ISBN
    • 3-15-006172-5 Find
Numer inwentarzowy Lokalizacja Sygnatura Status udost. Data inwentaryzacji
G.14567BMGerm. Opowiadania szwajcarskie-32000-01-04